Skeletal Muscles - Statistics

General Stats
  • This quiz has been taken 16 times
  • The average score is 16 of 217
Answer Stats
Hint Answer % Correct
Muscle Triceps
89%
Muscle Biceps brachii
56%
Muscle Deltoid
56%
Muscle Latissimus dorsi
56%
Muscle Brachialis
44%
Muscle Pectoralis major
44%
Muscle Pectoralis minor
44%
Muscle Soleus
44%
Muscle Teres major
44%
Muscle Teres minor
44%
Muscle Trapezius
44%
Muscle Gastrocnemius
33%
Muscle Gluteus maximus
33%
Muscle Levator scapulae
33%
Muscle Rectus abdominis
33%
Muscle Rectus femoris
33%
Muscle Serratus anterior
33%
Muscle Tibialis anterior
33%
Muscle Vastus medialis
33%
Muscle Biceps femoris
22%
Muscle Brachioradialis
22%
Muscle Buccinator
22%
Muscle Extensor digitorum
22%
Muscle Extensor pollicis brevis
22%
Muscle Flexor carpi radialis
22%
Muscle Flexor digitorum profundus
22%
Muscle Gluteus medius
22%
Muscle Infraspinatus
22%
Muscle Masseter
22%
Muscle Orbicularis oculi
22%
Muscle Pronator teres
22%
Muscle Rhomboid major
22%
Muscle Rhomboid minor
22%
Muscle Semimembranosus
22%
Muscle Semitendinosus
22%
Muscle Supinator
22%
Muscle Supraspinatus
22%
Muscle Temporalis
22%
Muscle Vastus lateralis
22%
Muscle Abductor pollicis brevis
11%
Muscle Adductor brevis
11%
Muscle Adductor longus
11%
Muscle Adductor magnus
11%
Muscle Adductor pollicis
11%
Muscle Extensor carpi ulnaris
11%
Muscle Extensor digiti minimi
11%
Muscle Extensor digitorum brevis
11%
Muscle Extensor digitorum longus
11%
Muscle Extensor pollicis longus
11%
Muscle Flexor carpi ulnaris
11%
Muscle Flexor digitorum brevis
11%
Muscle Flexor digitorum longus
11%
Muscle Flexor digitorum superficialis
11%
Muscle Flexor pollicis brevis
11%
Muscle Frontalis
11%
Muscle Gluteus minimus
11%
Muscle Gracilis
11%
Muscle Palmaris longus
11%
Muscle Pronator quadratus
11%
Muscle Quadratus lumborum
11%
Muscle Sartorius
11%
Muscle Serratus posterior inferior
11%
Muscle Serratus posterior superior
11%
Muscle Sternocleidomastoid
11%
Muscle Subclavius
11%
Muscle Subscapularis
11%
Muscle Tibialis posterior
11%
Muscle Zygomaticus major
11%
Muscle Zygomaticus minor
11%
Muscle Abductor digiti minimi
0%
Muscle Abductor hallucis
0%
Muscle Abductor pollicis longus
0%
Muscle Adductor hallucis
0%
Muscle Anconeus
0%
Muscle Articularis cubiti
0%
Muscle Articularis genu
0%
Muscle Aryepiglotticus
0%
Muscle Aryjordanicus
0%
Muscle Auricularis
0%
Muscle Bulbospongiosus
0%
Muscle Constrictor of pharynx -inferior
0%
Muscle Constrictor of pharynx -middle
0%
Muscle Constrictor of pharynx -superior
0%
Muscle Coracobrachialis
0%
Muscle Corrugator supercilii
0%
Muscle Cremaster
0%
Muscle Cricothyroid
0%
Muscle Dartos
0%
Muscle Deep transverse perinei
0%
Muscle Depressor anguli oris
0%
Muscle Depressor labii inferioris
0%
Muscle Diaphragm
0%
Muscle Digastric
0%
Muscle Erector spinae - iliocostalis
0%
Muscle Erector spinae - longissimus
0%
Muscle Erector spinae - spinalis
0%
Muscle Extensor carpi radialis brevis
0%
Muscle Extensor carpi radialis longus
0%
Muscle Extensor hallucis longus
0%
Muscle Extensor indicis
0%
Muscle External oblique abdominis
0%
Muscle Flexor digiti minimi brevis
0%
Muscle Flexor hallucis brevis
0%
Muscle Flexor hallucis longus
0%
Muscle Flexor pollicis longus
0%
Muscle Gemellus inferior
0%
Muscle Gemellus superior
0%
Muscle Genioglossus
0%
Muscle Geniohyoid
0%
Muscle Hyoglossus
0%
Muscle Iliacus
0%
Muscle Inferior oblique
0%
Muscle Inferior rectus
0%
Muscle Intercostals external
0%
Muscle Intercostals innermost
0%
Muscle Intercostals internal
0%
Muscle Internal oblique abdominis
0%
Muscle Interossei -dorsal of foot
0%
Muscle Interossei - dorsal of hand
0%
Muscle Interossei- palmar of hand
0%
Muscle Interossei - plantar of foot
0%
Muscle Interspinales
0%
Muscle Intertransversarii
0%
Muscle Intrinsic muscles of tongue
0%
Muscle Ishiocavernosus
0%
Muscle Lateral cricoarytenoid
0%
Muscle Lateral pterygoid
0%
Muscle Lateral rectus
0%
Muscle Levator anguli oris
0%
Muscle Levator ani-coccygeus
0%
Muscle Levator ani - iliococcygeus
0%
Muscle Levator ani-pubococcygeus
0%
Muscle Levator ani-puborectalis
0%
Muscle Levator ani-pubovaginalis
0%
Muscle Levatores costarum
0%
Muscle Levator labii superioris
0%
Muscle Levator labii superioris alaeque nasi
0%
Muscle Levator palpebrae superioris
0%
Muscle Levator veli palatini
0%
Muscle Longus capitis
0%
Muscle Longus colli
0%
Muscle Lumbricals of foot
0%
Muscle Lumbricals of hand
0%
Muscle Medial pterygoid
0%
Muscle Medial rectus
0%
Muscle Mentalis
0%
Muscle M. uvulae
0%
Muscle Mylohyoid
0%
Muscle Nasalis
0%
Muscle Oblique arytenoid
0%
Muscle Obliquus capitis inferior
0%
Muscle Obliquus capitis superior
0%
Muscle Obturator externus
0%
Muscle Obturator internus
0%
Muscle Omohyoid
0%
Muscle Opponens digiti minimi
0%
Muscle Opponens pollicis
0%
Muscle Orbicularis oris
0%
Muscle Palatoglossus
0%
Muscle Palatopharyngeus
0%
Muscle Palmaris brevis
0%
Muscle Pectineus
0%
Muscle Perinei
0%
Muscle Peroneus brevis
0%
Muscle Peroneus longus
0%
Muscle Peroneus tertius
0%
Muscle Piriformis
0%
Muscle Plantaris
0%
Muscle Platysma
0%
Muscle Popliteus
0%
Muscle Posterior cricoarytenoid
0%
Muscle Procerus
0%
Muscle Psoas major
0%
Muscle Psoas minor
0%
Muscle Pyramidalis
0%
Muscle Quadratus femoris
0%
Muscle Quadratus plantae
0%
Muscle Rectus capitus anterior
0%
Muscle Rectus capitus lateralis
0%
Muscle Rectus capitus posterior major
0%
Muscle Rectus capitus posterior minor
0%
Muscle Risorius
0%
Muscle Salpingopharyngeus
0%
Muscle Scalenus anterior
0%
Muscle Scalenus medius
0%
Muscle Scalenus minimus
0%
Muscle Scalenus posterior
0%
Muscle Sphincter ani
0%
Muscle Sphincter urethrae
0%
Muscle Splenius capitis
0%
Muscle Splenius cervicis
0%
Muscle Stapedius
0%
Muscle Sternohyoid
0%
Muscle Sternothyroid
0%
Muscle Styloglossus
0%
Muscle Stylohyoid
0%
Muscle Stylopharyngeus
0%
Muscle Subcostalis
0%
Muscle Superficial transverse
0%
Muscle Superior oblique
0%
Muscle Superior rectus
0%
Muscle Temporoparietalis
0%
Muscle Tensor fasciae lata
0%
Muscle Tensor tympani
0%
Muscle Tensor veli palatini
0%
Muscle Thyro-arytenoid & vocalis
0%
Muscle Thyro-epiglotticus
0%
Muscle Thyrohyoid
0%
Muscle Transverse arytenoid
0%
Muscle Transversospinalis -multifidus
0%
Muscle Transversospinalis -rotatores
0%
Muscle Transversospinalis -semispinalis
0%
Muscle Transversus abdominis
0%
Muscle Transversus thoracis
0%
Muscle Vastus intermedius
0%
No matching quizzes found
Score Distribution
Percent of People with Each Score
Percentile by Number Answered
Your Score History
You have not taken this quiz